1876 : (Record no. 9550)
[ view plain ]
| 000 -LEADER | |
|---|---|
| fixed length control field | 01120cam a2200325 i 4500 |
| 001 - CONTROL NUMBER | |
| control field | 2217334 |
| 003 - CONTROL NUMBER IDENTIFIER | |
| control field | OSt |
| 005 - DATE AND TIME OF LATEST TRANSACTION | |
| control field | 20250901165818.0 |
| 008 - FIXED-LENGTH DATA ELEMENTS--GENERAL INFORMATION | |
| fixed length control field | 751021s1976 nyu 000 1 eng |
| 010 ## - LIBRARY OF CONGRESS CONTROL NUMBER | |
| LC control number | 75034311 |
| 020 ## - INTERNATIONAL STANDARD BOOK NUMBER | |
| International Standard Book Number | 0394497503 |
| 020 ## - INTERNATIONAL STANDARD BOOK NUMBER | |
| International Standard Book Number | 0394406516 (lim. ed.) |
| 040 ## - CATALOGING SOURCE | |
| Original cataloging agency | DLC |
| Language of cataloging | eng |
| Transcribing agency | DLC |
| Modifying agency | DLC |
| 043 ## - GEOGRAPHIC AREA CODE | |
| Geographic area code | n-us--- |
| 050 00 - LIBRARY OF CONGRESS CALL NUMBER | |
| Classification number | PS 3543 .I26 A6214 1976 |
| Item number | A6214 1976 |
| 051 ## - LIBRARY OF CONGRESS COPY, ISSUE, OFFPRINT STATEMENT | |
| Classification number | PS3543.I26 |
| Item number | A6214 1976b |
| Copy information | Another issue. With prefixed leaf stating "Of the first edition ... three hundred copies have been specially bound and numbered. Each copy signed by the author." LC has copy no. 137. |
| 082 00 - DEWEY DECIMAL CLASSIFICATION NUMBER | |
| Classification number | 813/.5/4 |
| 100 1# - MAIN ENTRY--PERSONAL NAME | |
| Personal name | Vidal, Gore, |
| Dates associated with a name | 1925-2012. |
| 245 10 - TITLE STATEMENT | |
| Title | 1876 : |
| Remainder of title | a novel / |
| Statement of responsibility, etc. | Gore Vidal. |
| 250 ## - EDITION STATEMENT | |
| Edition statement | 1st ed. |
| 260 ## - PUBLICATION, DISTRIBUTION, ETC. | |
| Place of publication, distribution, etc. | New York : |
| Name of publisher, distributor, etc. | Random House, |
| Date of publication, distribution, etc. | c1976. |
| 300 ## - PHYSICAL DESCRIPTION | |
| Extent | 364 p. ; |
| Dimensions | 25 cm. |
| 651 #0 - SUBJECT ADDED ENTRY--GEOGRAPHIC NAME | |
| Geographic name | United States |
| General subdivision | History |
| Chronological subdivision | 1865-1898 |
| Form subdivision | Fiction. |
| 655 #7 - INDEX TERM--GENRE/FORM | |
| Genre/form data or focus term | Historical fiction |
| Source of term | lcgft |
| 740 0# - ADDED ENTRY--UNCONTROLLED RELATED/ANALYTICAL TITLE | |
| Uncontrolled related/analytical title | Eighteen seventy-six. |
| 906 ## - LOCAL DATA ELEMENT F, LDF (RLIN) | |
| a | 7 |
| b | cbc |
| c | orignew |
| d | 1 |
| e | ocip |
| f | 19 |
| g | y-gencatlg |
| 942 ## - ADDED ENTRY ELEMENTS (KOHA) | |
| Source of classification or shelving scheme | Library of Congress Classification |
| Koha item type | Books |
| Withdrawn status | Lost status | Source of classification or shelving scheme | Damaged status | Not for loan | Home library | Current library | Shelving location | Date acquired | Total checkouts | Full call number | Barcode | Date last seen | Price effective from | Koha item type |
|---|---|---|---|---|---|---|---|---|---|---|---|---|---|---|
| Library of Congress Classification | Main Library | Main Library | 04/08/2025 | PS 3543 .I26 A6214 1976 | PIU0006849 | 04/08/2025 | 04/08/2025 | Books |